[Event "London Classic op U1825 8th"]
[Site "London"]
[Date "2016.12.11"]
[Round "5"]
[White "O'Mahoney, Mike J"]
[Black "Paterlini, Emiliano"]
[Result "1-0"]
[WhiteElo "1622"]
[BlackElo "1716"]
[PlyCount "111"]
[EventDate "2016.12.09"]
[EventType "swiss"]
[EventRounds "5"]
[EventCountry "ENG"]
[SourceTitle "EXT 2019"]
[Source "ChessBase"]
[SourceDate "2018.10.10"]
[SourceVersion "1"]
[SourceVersionDate "2018.10.10"]
[SourceQuality "1"]

1. d4 d5 2. Bf4 c5 3. e3 Nc6 4. c3 Bf5 5. Nd2 Qb6 6. Qb3 c4 7. Qxb6 axb6 8. Ngf3 e6 9. Be2 Nf6 10. h3 Be7 11. 0-0 0-0 12. Be5 b5 13. Bxf6 Bxf6 14. a3 Ra7 15. Ne1 b4 16. cxb4 Nxb4 17. Rc1 Nc6 18. f4 h6 19. g4 Bh7 20. Nc2 c3 21. bxc3 Bxc2 22. Rxc2 Rxa3 23. Rb1 Na5 24. Kf2 Rc8 25. Rbc1 Nc4 26. Nxc4 dxc4 27. Rb1 Rb3 28. Rbb2 Bd8 29. Ra2 b5 30. Ra7 b4 31. cxb4 c3 32. b5 Rb2 33. Bd3 Rb8 34. Ra2 Rxc2+ 35. Rxc2 Rc8 36. Ke2 Ba5 37. Kd1 Bb4 38. Ra2 Kf8 39. b6 Rb8 40. Ra6 f6 41. Be4 Ke7 42. b7 Bd6 43. Kc2 e5 44. fxe5 fxe5 45. Kxc3 Kd7 46. Ra8 Kc7 47. Kc4 exd4 48. Kxd4 Kd7 49. Bd5 Bg3 50. e4 Bf2+ 51. Ke5 Bg3+ 52. Kf5 Kc7 53. e5 Bh2 54. e6 Kd8 55. Kg6 Ke7 56. Kxg7 1-0